000 01116nam a2200265Ia 4500
003 OSt
005 20220923211138.0
006 a|||||r|||| 00| 0
007 ta
008 220922b |||||||| |||| 00| 0 hin d
020 _a8185999600 (hbk)
_c700
024 _a233,283
037 _b418, 28/02/2008, University Book House
_cTextual
040 _aARTS
_cARTS
_bhin
041 _2hin
_ahin
082 _aO152vN, P7
100 _aचौहान, शिवदान सिंह; शर्मा, विष्णु चंद्र, संपा.
_9158723
245 0 _aहिंदी साहित्य के अस्सी वर्ष
246 _aHiandī sāhitya ke assī varṣha
260 _aदिल्ली
_b स्वराज प्रकाशन
_c2007
300 _a180पृ.
_ccm.
650 _aहिन्दी साहित्य
_9156264
942 _hO152vN, P7
_cTEXL
_2CC
999 _c295919
_d295919